Estadísticas para Presidentes de México (Español-Spanish)

Haz click aquí para intentar la prueba.

Estadísticas generales

  • Esta prueba ha sido intentada 51 veces
  • La puntuación promedio es 31 de 82

Estadísticas de respuestas

HintRespuesta% Correcto
2018-2024Andrés López
100%
2000-2006Vicente Fox Quesada
95%
1858Benito Juárez García
86%
1861-62Benito Juárez García
86%
1867-72Benito Juárez García
86%
2012-2018Enrique Peña Nieto
82%
2006-2012Felipe de Jesús Calderón Hinojosa
82%
1876-80Porfirio Díaz Mori
77%
1884-1911Porfirio Diaz Mori
77%
1847Antonio López de Santa Anna
73%
1833-35Antonio López de Santa Anna
73%
1839Antonio López de Santa Anna
73%
1841-42Antonio López de Santa Anna
73%
1843Antonio López de Santa Anna
73%
1844Antonio López de Santa Anna
73%
1853-55Antonio López de Santa Anna
73%
1988-1994Carlos Salinas de Gortari
73%
1911-13Francisco Ignacio Madero
64%
1994-2000Ernesto Zedillo Ponce de León
59%
1934-1940Lázaro Cárdenas del Río
59%
1970-1976Luis Echeverría Álvarez
59%
1829Vicente Guerrero Saldaña
59%
1824-1829Guadalupe Victoria
55%
1964-1970Gustavo Díaz Ordaz
55%
1982-1988Miguel de la Madrid Hurtado
55%
1913Victoriano Huerta
55%
1840Francisco Javier Echeverría
50%
1976-1982José López Portillo
50%
1924-1928Plutarco Elías Calles
50%
1952-1958Adolfo Ruiz Cortines
45%
1920-1924Álvaro Obregón Salido
45%
1946-1952Miguel Alemán Valdéz
45%
1958-1964Adolfo López Mateos
41%
1940-1946Manuel Ávila Camacho
41%
1913Pedro Lascuráin Paredes
41%
1917-1920Venustiano Carranza
41%
1855-58Ignacio Comonfort de los Ríos
36%
1830-32Anastacio Bustamante y Oseguera
32%
1837-39Anastacio Bustamente y Oseguera
32%
1920Adolfo de la Huerta
27%
1880-84Manuel del Refugio González Flores
27%
1858Manuel Robles Pezuela
27%
1832Melchor Múzquiz de Arrieta
27%
1872-1876Sebastián Lerdo de Tejada
27%
1932-1934Abelardo L. Rodríguez
23%
1860José Ignacio Pavón
23%
1844-45José Joaquín Herrera
23%
1844José Joaquín Herrera
23%
1848-51José Joaquín Herrera
23%
1846Nicolás Bravo Rueda
23%
1839Nicolás Bravo Rueda
23%
1842-1843Nicolás Bravo Rueda
23%
1928-1930Emilio Portes Gil
18%
1914-1915Eulalio Gutiérrez Ortiz
18%
1858/1860-62Félix María Zuloaga Trillo
18%
1911Francisco León de la Barra
18%
1829José María Bocanegra y Villalpando
18%
1853Manuel María Lombardini
18%
1851-53Mariano Arista Nuez
18%
1859-60Miguel Miramón y Tarelo
18%
1930-1932Pascual Ortiz Rubio
18%
1829Pedro Vélez de Zúñiga
18%
1846-47Valentín Gómez Farías
18%
1833Valentín Gómez Farías
18%
1855Juan Nepomuceno Álvarez Hurtado
14%
1876Juan Nepomuceno Méndez
14%
1832-1833Manuel Gómez Pedraza
14%
1846Mariano Paredes Arrillaga
14%
1855Martín Carrera Sabat
14%
1847-48Pedro María Anaya Álvarez
14%
1915Francisco Lagos Cházaro
9%
1876José María Iglesias
9%
1853Juan Bautista Ceballos
9%
1835-36Miguel Barragán Moctezuma Andrada
9%
1855Rómulo Díaz de la Vega
9%
1914Francisco Sebastián Carvajal y Gual
5%
1836-37José Justo Corro
5%
1846José Mariano Salas
5%
1862Juan Nepomuceno Almonte
5%
1847-48Manuel de la Peña y Peña
5%
1915Roque González Garza
5%
1843-44Valentín Canalizo Bocadillo
5%

Distribución de puntuación

Porcentaje por número respondido

Porcentaje de gente con cada puntuación

Historial de tus puntuaciones

No has intentado esta prueba.